000 00364nam a2200145Ia 4500
008 230917s9999||||xx |||||||||||||| ||und||
040 _e96377
_aMAIN
041 _aEnglish
082 _a370 Y11C
100 _aYadav, Shashi
245 0 _aComparative study of value patterns of B.Ed. arts and science students
260 _c2001
300 _a73 p.
942 _cTH
999 _c88589
_d88589